Sankshipta adhunika kannada nighantu (Record no. 152648)

MARC details
000 -LEADER
fixed length control field 00858nam a2200265Ia 4500
003 - CONTROL NUMBER IDENTIFIER
control field OSt
005 - DATE AND TIME OF LATEST TRANSACTION
control field 20251216163002.0
008 - FIXED-LENGTH DATA ELEMENTS--GENERAL INFORMATION
fixed length control field 210210b2013 xxu||||| |||| 00| 0 eng d
020 ## - INTERNATIONAL STANDARD BOOK NUMBER
International Standard Book Number 9789381645833
040 ## - CATALOGING SOURCE
Transcribing agency AL
041 ## - LANGUAGE CODE
Language code of text/sound track or separate title Kannada
082 ## - DEWEY DECIMAL CLASSIFICATION NUMBER
Classification number K494.3 SUBS
100 ## - MAIN ENTRY--PERSONAL NAME
Personal name SUBBANNA RAI
9 (RLIN) 249339
Dates associated with a name ಸುಬ್ಬಣ್ಣ ರೈ
245 ## - TITLE STATEMENT
Title Sankshipta adhunika kannada nighantu
Remainder of title ಸಂಕ್ಷಿಪ್ತ ಅಧುನಿಕ ಕನ್ನಡದ ನಿಘಂಟು
260 ## - PUBLICATION, DISTRIBUTION, ETC.
Place of publication, distribution, etc. BengaLUru
Name of publisher, distributor, etc. Prasaranga Kannada Vishvavidyalaya
Date of publication, distribution, etc. 2013
300 ## - PHYSICAL DESCRIPTION
Extent xxii,248
650 ## - SUBJECT ADDED ENTRY--TOPICAL TERM
Topical term or geographic name entry element Sankshipta
9 (RLIN) 249340
650 ## - SUBJECT ADDED ENTRY--TOPICAL TERM
Topical term or geographic name entry element nighanTu
9 (RLIN) 249341
650 ## - SUBJECT ADDED ENTRY--TOPICAL TERM
Topical term or geographic name entry element kannaDa
9 (RLIN) 249342
650 ## - SUBJECT ADDED ENTRY--TOPICAL TERM
Topical term or geographic name entry element Adhunika
9 (RLIN) 249343
690 ## - LOCAL SUBJECT ADDED ENTRY--TOPICAL TERM (OCLC, RLIN)
Topical term or geographic name as entry element Kannada Dictionary
9 (RLIN) 249344
700 ## - ADDED ENTRY--PERSONAL NAME
Personal name MADHAVA PERAJE Ed
9 (RLIN) 249345
Dates associated with a name ಮಾಧವ ಪೆರಾಜೆ
906 ## - LOCAL DATA ELEMENT F, LDF (RLIN)
a 068317
942 ## - ADDED ENTRY ELEMENTS (KOHA)
Source of classification or shelving scheme Dewey Decimal Classification
Koha item type Book
Holdings
Withdrawn status Lost status Source of classification or shelving scheme Damaged status Not for loan Collection code Home library Current library Shelving location Date acquired Source of acquisition Cost, normal purchase price Total Checkouts Full call number Barcode Date last seen Price effective from Koha item type
    Dewey Decimal Classification     Kannada St Aloysius Library St Aloysius Library   02/17/2021 Navakarnataka Publication Pvt Ltd., Mangalore 140.00   K494.3 SUBS 068317 02/17/2021 02/17/2021 Book